Cableships and submarine cables
Saved in:
| Hovedforfatter: | |
|---|---|
| Format: | Bog |
| Sprog: | engelsk |
| Udgivet: |
Londres
Adlard Coles
1968
|
| Fag: | |
| Tags: |
Tilføj Tag
Ingen Tags, Vær først til at tagge denne postø!
|
MARC
| LEADER | 00000nam a2200000 a 4500 | ||
|---|---|---|---|
| 001 | UCY3811 | ||
| 003 | CL-VaPUC | ||
| 008 | 950118e19680000UK |||||||||||||||||eng|d | ||
| 082 | 0 | 4 | |a 621.3981 |b HAI |2 21 |
| 100 | 0 | |a Haigh, K. R |e author |9 332215 | |
| 245 | 1 | 0 | |a Cableships and submarine cables |
| 300 | |a 416 p | ||
| 942 | |c BK | ||
| 945 | |d 19950118 00:00:00 |a mfernand | ||
| 260 | |a Londres |b Adlard Coles |c 1968 | ||
| 650 | 7 | |a CABLES SUBMARINOS |2 CL-VaPUC |9 332216 | |
| 583 | |a last modification |c 19950118 00:00:00 |k Rodrigo Vera | ||
| 999 | |c 231859 |d 231857 | ||
| 952 | |0 0 |1 0 |2 ddc |4 0 |6 621_398100000000000_HAI_1968 |7 0 |8 CCM |9 235620 |a BIBCUR |b BIBCUR |c PAC |d 2019-11-15 |i 3054039 |o 621.3981 HAI 1968 |p 3054039 |r 2025-04-22 |w 2019-11-15 |y BK |k CIM | ||